000 00354nam a2200145Ia 4500
008 191201s2005 xx 000 0 und d
082 _a670.423
_bKHT
100 _aKHURMI, R S
245 0 _aTextbook of Workshop Technology
250 _a1st
260 _aN.Delhi
_bS Chand and Co. Ltd.
_c2005
300 _a551
650 _aB.Tech(ME)
942 _2ddc
_cBK
999 _c1084
_d1084